(The) Heat treatment of steel (Record no. 964)

000 -LEADER
fixed length control field 00412nam a22001577a 4500
008 - FIXED-LENGTH DATA ELEMENTS--GENERAL INFORMATION
fixed length control field 200102b ||||| |||| 00| 0 eng d
082 00 - DEWEY DECIMAL CLASSIFICATION NUMBER
Classification number 669.1
Item number G8221
100 ## - MAIN ENTRY--PERSONAL NAME
9 (RLIN) 529
Personal name Gregory, Edwin.
245 10 - TITLE STATEMENT
Title (The) Heat treatment of steel
260 ## - PUBLICATION, DISTRIBUTION, ETC. (IMPRINT)
Place of publication, distribution, etc London
Name of publisher, distributor, etc Sir Isaac Pitman & Sons
Date of publication, distribution, etc 1947
300 ## - PHYSICAL DESCRIPTION
Extent x,358p.
365 ## - TRADE PRICE
Unit of pricing 10.02
650 #0 - SUBJECT ADDED ENTRY--TOPICAL TERM
Topical term or geographic name as entry element Steel
700 ## - ADDED ENTRY--PERSONAL NAME
9 (RLIN) 461
Personal name Simons, Eric N.
942 ## - ADDED ENTRY ELEMENTS (KOHA)
Item type Books
Holdings
Withdrawn status Lost status Source of classification or shelving scheme Damaged status Not for loan Permanent location Current location Date acquired Source of acquisition Full call number Barcode Date last seen Koha item type
          IMU Kolkata IMU Kolkata 1952-10-22 A.H. Wheeler 669.1 G8221 00602 2020-01-02 Books
          IMU Kolkata IMU Kolkata 1952-10-22 A.H. Wheeler 669.1 G8221 00603 2020-01-02 Books
Designed and Maintained by IMU-KC Library, Kolkata Campus © Copyright All Rights Reserved

webs counters

Powered by Koha